Hoofdsteden van de 50 Staten van Amerika - Statistieken

Algemene statistieken
  • Deze quiz is 3.119 keer genomen
  • De gemiddelde score is 25 van 50
Antwoordstatistieken
Staat Hoofdstad % Correct
Hawaii Honolulu
72%
Massachusetts Boston
70%
Colorado Denver
70%
California Sacramento
69%
Arizona Phoenix
68%
Georgia Atlanta
67%
Texas Austin
65%
Indiana Indianapolis
65%
New York Albany
59%
Alaska Juneau
59%
Utah Salt Lake City
59%
Florida Tallahassee
57%
Oklahoma Oklahoma City
56%
Mississippi Jackson
55%
Arkansas Little Rock
53%
New Mexico Santa Fe
53%
Idaho Boise
52%
Illinois Springfield
52%
Louisiana Baton Rouge
51%
Delaware Dover
50%
Montana Helena
50%
Alabama Montgomery
50%
Tennessee Nashville
49%
Ohio Columbus
48%
Washington Olympia
48%
Oregon Salem
48%
Maryland Annapolis
47%
Iowa Des Moines
47%
Kentucky Frankfort
46%
North Dakota Bismarck
44%
Connecticut Hartford
44%
Kansas Topeka
44%
Maine Augusta
43%
Wyoming Cheyenne
43%
Nebraska Lincoln
43%
Minnesota Saint Paul
43%
South Carolina Columbia
42%
South Dakota Pierre
42%
Nevada Carson City
41%
Vermont Montpelier
41%
Pennsylvania Harrisburg
40%
Michigan Lansing
40%
North Carolina Raleigh
39%
Missouri Jefferson City
38%
Rhode Island Providence
38%
Virginia Richmond
38%
New Jersey Trenton
37%
New Hampshire Concord
35%
Wisconsin Madison
35%
West Virginia Charleston
34%
Geen overeenkomende quizzen gevonden
Scoreverdeling
Procent van Mensen met Elke Score
Percentiel versus Aantal Correcte Antwoorden
Uw Scoregeschiedenis
U heeft deze quiz nog niet genomen